000 00695nam a2200193Ii 4500
003 JO-AjNU
008 230605s9999||||xx |||||||||||||| ||und||
040 _aJO-AjNU
_bara
_erda
_cJO-AjNU
041 _aara
050 1 4 _aHM27.S55
100 3 _aسيمسون، جورج ؛ ترجمة: عبدالمنعم شوقي,
_eauthor
_97211
245 0 0 _aالانسان في المجتمع : مدخل لعلم الاجتماع والعلوم الاجتماعية
264 3 1 _aالقاهرة: دار النهضة العربية
300 _a206ص
336 _atext
_btxt
_2rdacontent
337 _aunmediated
_bn
_2rdamedia
338 _avolume
_bnc
_2rdacarrier
650 4 _aعلم الاجتماع
_97212
999 _aA164
_c3732
_d3732